| 000 | 00736ntaaa2200229 4500 | ||
|---|---|---|---|
| 003 | 01 | ||
| 005 | 20251027201357.0 | ||
| 008 | 0714s1973 ag 01 | ||
| 020 | _a082670137X | ||
| 040 |
_aAR-BaBN _bspa _cAR-BaBN _eaacr _dRIC |
||
| 082 | _a225.5077 N46t | ||
| 100 |
_aNewman, Barclay M _95513 |
||
| 245 | _aA translator's handbook on the gospel of John | ||
| 250 | _a1 ed. | ||
| 260 |
_aLondon : _bUnited Bible Societies, _c1980 |
||
| 300 |
_aviii, 681 p. ; _c24 cm. |
||
| 500 | _aBibliografía: p. 663-665 Contiene glosario e índice. | ||
| 650 |
_aBiblia. N.T. Juan. Inglés. Today´s English. 1980. _912202 |
||
| 650 |
_aBiblia. N.T. Juan. Inglés. Revised Standard. 1980 _912203 |
||
| 700 |
_aNida, Eugene A. _9121 |
||
| 942 | _cBK | ||
| 999 |
_c8281 _d8281 |
||